[Event "Voronezh Raev Memorial"]
[Site "Voronezh"]
[Date "2018.12.28"]
[Round "9"]
[White "Strelnikov, Sergey"]
[Black "Sakorenko, Adriana"]
[Result "1/2-1/2"]
[WhiteElo "2300"]
[BlackElo "2089"]
[PlyCount "129"]
[EventDate "2018.12.20"]
[EventType "tourn"]
[EventRounds "9"]
[EventCountry "RUS"]
[SourceTitle "CBM 188 Extra"]
[Source "ChessBase"]
[SourceDate "2019.02.26"]
[SourceVersion "1"]
[SourceVersionDate "2019.02.26"]
[SourceQuality "1"]

1. c4 e6 2. g3 d5 3. Bg2 Nf6 4. Nf3 dxc4 5. Qa4+ Bd7 6. Qxc4 c5 7. Ne5 Qc8 8. b3 Nc6 9. Nxd7 Qxd7 10. Bb2 Be7 11. 0-0 Rc8 12. d3 Nd4 13. Re1 0-0 14. Nd2 b5 15. Qc1 Rfd8 16. a3 e5 17. e3 Nc6 18. Bf1 a6 19. Qc2 h5 20. Nf3 Qf5 21. Qe2 Bd6 22. Rab1 Ng4 23. Nd2 Be7 24. Red1 Qe6 25. Bh3 f5 26. Ba1 Rc7 27. Nf3 g6 28. Bf1 Rcd7 29. h3 Nh6 30. Qc2 Nf7 31. Bg2 Rc7 32. Rdc1 Bd6 33. Qb2 Be7 34. d4 exd4 35. exd4 cxd4 36. Nxd4 Nxd4 37. Rxc7 Bf6 38. Qa2 Ng5 39. Bxd4 Bxd4 40. Rc2 f4 41. Rc6 Qf5 42. gxf4 Bxf2+ 43. Qxf2 Qxb1+ 44. Kh2 Qf5 45. Rc5 Ne4 46. Rxf5 Nxf2 47. Rf6 Nd3 48. Kg3 Kg7 49. Rxa6 Nc5 50. Rc6 Nxb3 51. Be4 Nd2 52. Bxg6 Nc4 53. Bxh5 Rd3+ 54. Kh4 Rxa3 55. Bg4 Nd2 56. Rb6 Ra4 57. f5 b4 58. Kh5 Ne4 59. Bd1 Ra8 60. Bc2 Rh8+ 61. Kg4 Nf2+ 62. Kg3 Rxh3+ 63. Kxf2 Rh2+ 64. Kg3 Rxc2 65. Rxb4 1/2-1/2

[Event "Sochi ChessAmateur op"]
[Site "Sochi"]
[Date "2018.04.06"]
[Round "8"]
[White "Strelnikov, Sergey"]
[Black "Shkurat, Sergey"]
[Result "1-0"]
[WhiteElo "2324"]
[BlackElo "2057"]
[PlyCount "87"]
[EventDate "2018.04.01"]
[EventType "swiss"]
[EventRounds "9"]
[EventCountry "RUS"]
[SourceTitle "CBM 184 Extra"]
[Source "ChessBase"]
[SourceDate "2018.06.28"]
[SourceVersion "1"]
[SourceVersionDate "2018.06.28"]
[SourceQuality "1"]

1. d4 d5 2. c4 c6 3. Nf3 Nf6 4. e3 Bg4 5. h3 Bh5 6. Nc3 e6 7. g4 Bg6 8. Ne5 Nbd7 9. h4 dxc4 10. Nxd7 Qxd7 11. Bxc4 h5 12. g5 Nd5 13. a3 Qc7 14. Bd3 Bxd3 15. Qxd3 g6 16. Ne2 0-0-0 17. e4 Nb6 18. Bf4 Bd6 19. Bxd6 Qxd6 20. f4 Kb8 21. Qc2 Rhe8 22. Rh3 Re7 23. b4 e5 24. fxe5 Qe6 25. Rg3 Rc7 26. Qb3 Qe8 27. Rf3 Rdd7 28. Rd1 Re7 29. Rdd3 Qd7 30. Rf4 Qc8 31. Rdf3 Qe8 32. Rf6 Nc8 33. Nf4 Qd7 34. Qe3 c5 35. bxc5 Qb5 36. Nd5 Rxc5 37. dxc5 Rxe5 38. Qf4 Qb1+ 39. Kf2 Qb2+ 40. Kg3 Qd4 41. Re3 a6 42. c6 b5 43. Rxf7 Nd6 44. Rb7+ 1-0

[Event "Sochi ChessAmateur op"]
[Site "Sochi"]
[Date "2018.04.01"]
[Round "1"]
[White "Takhirov, Viktor"]
[Black "Strelnikov, Sergey"]
[Result "1/2-1/2"]
[WhiteElo "2096"]
[BlackElo "2324"]
[PlyCount "77"]
[EventDate "2018.04.01"]
[EventType "swiss"]
[EventRounds "9"]
[EventCountry "RUS"]
[SourceTitle "CBM 184 Extra"]
[Source "ChessBase"]
[SourceDate "2018.06.28"]
[SourceVersion "1"]
[SourceVersionDate "2018.06.28"]
[SourceQuality "1"]

1. c4 c5 2. Nc3 g6 3. g3 Bg7 4. Bg2 Nc6 5. Nf3 e6 6. 0-0 Nge7 7. d3 0-0 8. Be3 b6 9. Qc1 Nf5 10. Bg5 f6 11. Bd2 Bb7 12. e4 Nfd4 13. Nxd4 Nxd4 14. Bh6 Qe7 15. Bxg7 Qxg7 16. Qd2 g5 17. Ne2 Nxe2+ 18. Qxe2 g4 19. f3 gxf3 20. Rxf3 Qg5 21. Rf4 Qe5 22. Raf1 Rf7 23. Kh1 Raf8 24. b3 Kh8 25. Qf2 Bc6 26. g4 Rg8 27. b4 Rg6 28. b5 Bb7 29. a4 Rfg7 30. Rxf6 Rxf6 31. Qxf6 Qxf6 32. Rxf6 Rxg4 33. Rf8+ Rg8 34. Rf7 Rg7 35. Rf8+ Rg8 36. Rxg8+ Kxg8 37. e5 Bxg2+ 38. Kxg2 Kf7 39. Kf3 1/2-1/2

[Event "Voronezh Region-ch"]
[Site "Voronezh"]
[Date "2017.12.21"]
[Round "9"]
[White "Strelnikov, Sergey"]
[Black "Ioffe, Ilya"]
[Result "1/2-1/2"]
[WhiteElo "2347"]
[BlackElo "2074"]
[PlyCount "54"]
[EventDate "2017.12.12"]
[EventType "swiss"]
[EventRounds "9"]
[EventCountry "RUS"]
[SourceTitle "CBM 182 Extra"]
[Source "ChessBase"]
[SourceDate "2018.02.23"]
[SourceVersion "1"]
[SourceVersionDate "2018.02.23"]
[SourceQuality "1"]

1. c4 c6 2. Nf3 d5 3. e3 Nf6 4. Nc3 e6 5. b3 Nbd7 6. Qc2 b6 7. d4 Bb7 8. Bb2 Bd6 9. Be2 0-0 10. 0-0 Rc8 11. Rad1 Qe7 12. e4 Nxe4 13. Nxe4 dxe4 14. Qxe4 Nf6 15. Qh4 c5 16. dxc5 Bxc5 17. Bd3 h6 18. Ne5 Rfd8 19. Rfe1 Bb4 20. Re2 a5 21. h3 Nd5 22. Qxe7 Nxe7 23. a3 Bd6 24. Red2 Bc7 25. Bb1 Rxd2 26. Rxd2 Rd8 27. Rxd8+ Bxd8 1/2-1/2

[Event "Voronezh Region-ch"]
[Site "Voronezh"]
[Date "2017.12.16"]
[Round "4"]
[White "Strelnikov, Sergey"]
[Black "Manukovsky, Vladimir"]
[Result "1/2-1/2"]
[WhiteElo "2347"]
[BlackElo "2140"]
[PlyCount "114"]
[EventDate "2017.12.12"]
[EventType "swiss"]
[EventRounds "9"]
[EventCountry "RUS"]
[SourceTitle "CBM 182 Extra"]
[Source "ChessBase"]
[SourceDate "2018.02.23"]
[SourceVersion "1"]
[SourceVersionDate "2018.02.23"]
[SourceQuality "1"]

1. Nf3 c5 2. c4 Nf6 3. Nc3 d5 4. cxd5 Nxd5 5. e3 Nc7 6. d4 cxd4 7. exd4 g6 8. Be2 Bg7 9. 0-0 0-0 10. Be3 Nd7 11. Qd2 Nf6 12. Bh6 b6 13. Bxg7 Kxg7 14. Ne5 Bb7 15. Rad1 Qd6 16. Rfe1 Rfd8 17. Bc4 Ncd5 18. Nb5 Qb8 19. Qg5 a6 20. Nc3 Qd6 21. Rd3 b5 22. Bb3 h6 23. Qh4 Rac8 24. Rg3 e6 25. Ne4 Qb4 26. Rd1 Qe7 27. Nc5 Rh8 28. Bc2 g5 29. f4 Nxf4 30. Qxf4 Rxc5 31. dxc5 Qxc5+ 32. Qd4 Qxc2 33. Nd7 e5 34. Nxe5 Qe4 35. Qxe4 Bxe4 36. Rc3 Re8 37. Rc5 Bf5 38. Nf3 Be6 39. a3 Bc4 40. Re5 Rc8 41. Nd4 Kg6 42. Nf5 Rc7 43. Ne3 Be6 44. h3 Nd7 45. Re4 Nb6 46. Rd6 Rb7 47. Red4 a5 48. Rc6 h5 49. h4 gxh4 50. Rxh4 Nc4 51. Nxc4 bxc4 52. Rhxc4 Rxb2 53. R4c5 a4 54. Ra5 Kg7 55. Rc3 Bb3 56. Rxh5 Ra2 57. Ra5 Rxa3 1/2-1/2

[Event "Voronezh Region-ch"]
[Site "Voronezh"]
[Date "2017.12.15"]
[Round "3"]
[White "Volovich, Vasily"]
[Black "Strelnikov, Sergey"]
[Result "1-0"]
[WhiteElo "2204"]
[BlackElo "2347"]
[PlyCount "57"]
[EventDate "2017.12.12"]
[EventType "swiss"]
[EventRounds "9"]
[EventCountry "RUS"]
[SourceTitle "CBM 182 Extra"]
[Source "ChessBase"]
[SourceDate "2018.02.23"]
[SourceVersion "1"]
[SourceVersionDate "2018.02.23"]
[SourceQuality "1"]

1. e4 d6 2. d4 Nf6 3. Nc3 g6 4. Be2 Bg7 5. h4 h6 6. Nf3 c6 7. a4 a5 8. 0-0 Bg4 9. Bf4 0-0 10. Qd2 Kh7 11. Rfe1 Nbd7 12. Rad1 Ne8 13. e5 d5 14. Nh2 Bxe2 15. Rxe2 Nc7 16. h5 Ne6 17. Be3 g5 18. f4 gxf4 19. Bxf4 Nxf4 20. Qxf4 e6 21. Rd3 c5 22. Nb5 cxd4 23. Rg3 Qe7 24. Nxd4 Nc5 25. Ng4 Ne4 26. Rxe4 dxe4 27. Nf6+ Kh8 28. Rxg7 Kxg7 29. Qg4+ 1-0

[Event "Voronezh op-A 21st"]
[Site "Voronezh"]
[Date "2017.06.18"]
[Round "6"]
[White "Strelnikov, Sergey"]
[Black "Pogorelskikh, Sergey"]
[Result "0-1"]
[WhiteElo "2357"]
[BlackElo "2233"]
[PlyCount "78"]
[EventDate "2017.06.12"]
[EventType "swiss"]
[EventRounds "9"]
[EventCountry "RUS"]
[SourceTitle "EXT 2018"]
[Source "ChessBase"]
[SourceDate "2017.10.13"]
[SourceVersion "1"]
[SourceVersionDate "2017.10.13"]
[SourceQuality "1"]

1. Nf3 Nf6 2. c4 g6 3. Nc3 Bg7 4. e4 d6 5. d4 0-0 6. Be2 e5 7. 0-0 exd4 8. Nxd4 Re8 9. f3 c6 10. Kh1 Nbd7 11. g4 Nc5 12. Be3 a5 13. Qd2 Nfd7 14. Rad1 a4 15. Rg1 Kh8 16. Bh6 Bxh6 17. Qxh6 Qf6 18. Qd2 Ne6 19. Nxe6 Rxe6 20. g5 Qe7 21. f4 Nc5 22. Bf3 f5 23. exf5 gxf5 24. Rge1 Kg8 25. Rxe6 Bxe6 26. Re1 Qd7 27. Qd4 Re8 28. Be2 Bf7 29. Rd1 Ne4 30. Nxe4 Rxe4 31. Qd2 Qe6 32. Bd3 Bh5 33. Rf1 Be2 34. Bxe4 Qxe4+ 35. Kg1 Bxf1 36. Kxf1 Qh1+ 37. Ke2 Qxh2+ 38. Kd3 Qxd2+ 39. Kxd2 h6 0-1

[Event "Moscow Aeroflot op-B 15th"]
[Site "Moscow"]
[Date "2016.03.08"]
[Round "8"]
[White "Babujian, Levon"]
[Black "Strelnikov, Sergey"]
[Result "0-1"]
[WhiteElo "2491"]
[BlackElo "2349"]
[PlyCount "102"]
[EventDate "2016.03.01"]
[EventType "swiss"]
[EventRounds "9"]
[EventCountry "RUS"]
[SourceTitle "CBM 171 Extra"]
[Source "ChessBase"]
[SourceDate "2016.04.26"]
[SourceVersion "1"]
[SourceVersionDate "2016.04.26"]
[SourceQuality "1"]

1. e4 c5 2. Nc3 d6 3. f4 g6 4. Nf3 Bg7 5. Bc4 Nc6 6. 0-0 e6 7. d3 Nge7 8. f5 exf5 9. Qe1 h6 10. Qh4 Be6 11. exf5 Nxf5 12. Qe4 Qd7 13. Bxe6 Qxe6 14. Bf4 0-0-0 15. Qa4 g5 16. Bd2 Nfe7 17. Rae1 Qd7 18. a3 f5 19. b4 Kb8 20. Kh1 Nd4 21. bxc5 dxc5 22. Qc4 Nec6 23. Na4 b5 24. Rb1 Ka8 25. Rxb5 Nxb5 26. Qxb5 Nd4 27. Qa5 Qb5 28. Qxb5 Nxb5 29. Nxc5 Rhe8 30. h4 Rc8 31. Na6 g4 32. Ne1 Bc3 33. Bxc3 Rxc3 34. a4 Nd4 35. Kh2 Re5 36. Kg3 Ra3 37. Nf3 gxf3 38. Rb1 Nb3 39. cxb3 fxg2 40. Kxg2 Re3 41. Rb2 Rxd3 42. Re2 Rc3 43. b4 Rg3+ 44. Kh2 Rh3+ 45. Kg2 Rag3+ 46. Kf2 Rh2+ 47. Kxg3 Rxe2 48. b5 Re3+ 49. Kf4 Re4+ 50. Kxf5 Rxh4 51. a5 Ra4 0-1

[Event "Moscow Aeroflot op-B 15th"]
[Site "Moscow"]
[Date "2016.03.06"]
[Round "6"]
[White "Strelnikov, Sergey"]
[Black "Venkatesh, Marani Rajendran"]
[Result "1/2-1/2"]
[WhiteElo "2349"]
[BlackElo "2443"]
[PlyCount "71"]
[EventDate "2016.03.01"]
[EventType "swiss"]
[EventRounds "9"]
[EventCountry "RUS"]
[SourceTitle "CBM 171 Extra"]
[Source "ChessBase"]
[SourceDate "2016.04.26"]
[SourceVersion "1"]
[SourceVersionDate "2016.04.26"]
[SourceQuality "1"]

1. Nf3 Nf6 2. c4 g6 3. Nc3 Bg7 4. e4 d6 5. d4 0-0 6. Be2 Na6 7. 0-0 e5 8. Be3 c6 9. d5 c5 10. Ne1 Ne8 11. Nd3 f5 12. f4 Nb4 13. exf5 Nxd3 14. Bxd3 gxf5 15. fxe5 Bxe5 16. Bf4 Qf6 17. Rc1 Bd7 18. Kh1 Ng7 19. Qd2 Rae8 20. Bg5 Qg6 21. Rf3 Bf6 22. Bxf6 Rxf6 23. Ne2 Qh6 24. Nf4 Nh5 25. Rcf1 Nxf4 26. Rxf4 Ref8 27. Qa5 Qg7 28. Qd2 R6f7 29. R1f3 Qe5 30. Rf2 Re7 31. g3 a6 32. Kg2 b5 33. Re2 Qg7 34. b3 Rxe2+ 35. Bxe2 b4 36. Bd3 1/2-1/2

[Event "Moscow Aeroflot op-B 15th"]
[Site "Moscow"]
[Date "2016.03.01"]
[Round "1"]
[White "Kharchenko, Boris"]
[Black "Strelnikov, Sergey"]
[Result "1/2-1/2"]
[WhiteElo "2488"]
[BlackElo "2349"]
[PlyCount "80"]
[EventDate "2016.03.01"]
[EventType "swiss"]
[EventRounds "9"]
[EventCountry "RUS"]
[SourceTitle "CBM 171 Extra"]
[Source "ChessBase"]
[SourceDate "2016.04.26"]
[SourceVersion "1"]
[SourceVersionDate "2016.04.26"]
[SourceQuality "1"]

1. e4 e6 2. d4 d5 3. Nd2 a6 4. Ngf3 c5 5. exd5 exd5 6. dxc5 Bxc5 7. Nb3 Ba7 8. Bd3 Nf6 9. Qe2+ Be6 10. Nfd4 Qe7 11. 0-0 0-0 12. Bg5 h6 13. Nf5 Qd8 14. Bh4 Bxf5 15. Bxf5 g5 16. Bg3 Nc6 17. Rad1 Re8 18. Qf3 Qe7 19. c3 Qe2 20. Qxe2 Rxe2 21. Rb1 Ne4 22. Bg4 Nxg3 23. hxg3 Re5 24. Rfe1 Rae8 25. Kf1 d4 26. cxd4 Nxd4 27. Rxe5 Rxe5 28. Nxd4 Bxd4 29. b3 a5 30. Re1 Rxe1+ 31. Kxe1 b6 32. a4 Kg7 33. Be2 f5 34. g4 f4 35. Bc4 Kf6 36. Ke2 Ke5 37. f3 Bc5 38. Bg8 Kd4 39. Bf7 Kc3 40. Bg8 Kd4 1/2-1/2

[Event "Voronezh op-A 19th"]
[Site "Voronezh"]
[Date "2015.06.17"]
[Round "6"]
[White "Baltabaev, Temirlan"]
[Black "Strelnikov, Sergey"]
[Result "1-0"]
[WhiteElo "2240"]
[BlackElo "2377"]
[PlyCount "97"]
[EventDate "2015.06.12"]
[EventType "swiss"]
[EventRounds "9"]
[EventCountry "RUS"]
[SourceTitle "CBM 167 Extra"]
[Source "ChessBase"]
[SourceDate "2015.09.14"]
[SourceVersion "1"]
[SourceVersionDate "2015.09.14"]
[SourceQuality "1"]

1. d4 g6 2. c4 Bg7 3. Nf3 d6 4. g3 f5 5. Bg2 Nf6 6. 0-0 0-0 7. Nc3 Qe8 8. d5 Na6 9. Be3 c6 10. Qd2 Ng4 11. Bf4 e5 12. dxe6 Bxe6 13. b3 Rd8 14. Nd4 Nc5 15. Rad1 Bf7 16. Qc1 Qe7 17. Bg5 Bf6 18. Bxf6 Nxf6 19. Qg5 Kh8 20. h4 Ng8 21. Qc1 Be8 22. e3 Nf6 23. Qb2 Kg8 24. Nf3 Ng4 25. Rd4 h6 26. b4 Ne6 27. Rd2 g5 28. Ne2 f4 29. exf4 Nxf4 30. Nxf4 gxf4 31. gxf4 Rxf4 32. Re1 Qf7 33. Rde2 Qg6 34. Re6 Nf6 35. R1e3 Bf7 36. h5 Qf5 37. Re7 Rxc4 38. Nd4 Qxh5 39. Nxc6 Ng4 40. Nxd8 Qh2+ 41. Kf1 Rf4 42. Nxf7 Rxf2+ 43. Qxf2 Nxf2 44. Nxh6+ Kh8 45. Kxf2 Qf4+ 46. Kg1 Qd4 47. Nf5 Qa1+ 48. Kh2 Qxa2 49. Rh3+ 1-0

[Event "Voronezh op-A 19th"]
[Site "Voronezh"]
[Date "2015.06.16"]
[Round "5"]
[White "Strelnikov, Sergey"]
[Black "Ponkratov, Pavel"]
[Result "0-1"]
[WhiteElo "2377"]
[BlackElo "2610"]
[PlyCount "104"]
[EventDate "2015.06.12"]
[EventType "swiss"]
[EventRounds "9"]
[EventCountry "RUS"]
[SourceTitle "CBM 167 Extra"]
[Source "ChessBase"]
[SourceDate "2015.09.14"]
[SourceVersion "1"]
[SourceVersionDate "2015.09.14"]
[SourceQuality "1"]

1. Nf3 Nf6 2. g3 g6 3. Bg2 Bg7 4. 0-0 0-0 5. d3 d5 6. Nbd2 Nc6 7. e4 dxe4 8. dxe4 a5 9. a4 Nb4 10. Ne1 Bg4 11. f3 Bc8 12. c3 Nc6 13. Qc2 b6 14. Rf2 e5 15. Bf1 Qe7 16. Nc4 Be6 17. Ne3 Rfd8 18. Bc4 h5 19. N1g2 Bxc4 20. Nxc4 Qe6 21. b3 Rd7 22. Bg5 Bf8 23. Be3 Nd8 24. Ne1 h4 25. Kg2 Be7 26. Nd3 Nc6 27. Rd2 Kg7 28. Nf2 Rxd2 29. Bxd2 Rh8 30. Be3 Nb8 31. g4 h3+ 32. Kf1 Nbd7 33. Rd1 Bc5 34. Nd3 Bxe3 35. Nxe3 Nh7 36. Nc4 Ng5 37. Qf2 b5 38. axb5 a4 39. Ra1 axb3 40. Ne3 Nb6 41. Rb1 Qd7 42. Nc1 Ra8 43. Qe2 b2 44. Rxb2 Ra1 45. Rc2 Qd6 46. Kf2 Qf6 47. Nf1 Nd7 48. Qe3 Nc5 49. Nd2 Nge6 50. Kg3 g5 51. Kf2 Nf4 52. Ne2 Ncd3+ 0-1

[Event "Voronezh op-A 19th"]
[Site "Voronezh"]
[Date "2015.06.15"]
[Round "4"]
[White "Timerkhanov, Alexander"]
[Black "Strelnikov, Sergey"]
[Result "0-1"]
[WhiteElo "2235"]
[BlackElo "2377"]
[PlyCount "84"]
[EventDate "2015.06.12"]
[EventType "swiss"]
[EventRounds "9"]
[EventCountry "RUS"]
[SourceTitle "CBM 167 Extra"]
[Source "ChessBase"]
[SourceDate "2015.09.14"]
[SourceVersion "1"]
[SourceVersionDate "2015.09.14"]
[SourceQuality "1"]

1. d4 f5 2. g3 Nf6 3. Bg2 g6 4. c3 Bg7 5. Qb3 Nc6 6. Nd2 d5 7. Ndf3 Ne4 8. Bf4 e6 9. h4 0-0 10. Nh3 h6 11. Rd1 b6 12. Bc1 Bd7 13. Nf4 Rf6 14. Ne5 Ne7 15. g4 Qe8 16. g5 Rf8 17. Nxd7 Qxd7 18. gxh6 Bf6 19. Bxe4 fxe4 20. c4 Kh7 21. Qh3 Nf5 22. cxd5 exd5 23. h5 g5 24. Ng6 Rf7 25. Be3 Nxh6 26. Qg2 Qg4 27. Qh2 Qf5 28. Rg1 c5 29. Ne5 Rg7 30. Ng6 Rc8 31. Qg3 Nf7 32. Qh2 Rgg8 33. Qg3 Rge8 34. Nh4 Qe6 35. Ng2 Rg8 36. f3 cxd4 37. Bxd4 Bxd4 38. Rxd4 e3 39. Qg4 Rc1+ 40. Rd1 Rxd1+ 41. Kxd1 Qe5 42. Nh4 Nh6 0-1

[Event "Voronezh op-A 19th"]
[Site "Voronezh"]
[Date "2015.06.13"]
[Round "2"]
[White "Bykov, Oleg1111"]
[Black "Strelnikov, Sergey"]
[Result "0-1"]
[WhiteElo "2163"]
[BlackElo "2377"]
[PlyCount "62"]
[EventDate "2015.06.12"]
[EventType "swiss"]
[EventRounds "9"]
[EventCountry "RUS"]
[SourceTitle "CBM 167 Extra"]
[Source "ChessBase"]
[SourceDate "2015.09.14"]
[SourceVersion "1"]
[SourceVersionDate "2015.09.14"]
[SourceQuality "1"]

1. d4 f5 2. Nc3 Nf6 3. Bg5 d5 4. Bxf6 exf6 5. e3 Be6 6. Bd3 Nc6 7. Qf3 Qd7 8. 0-0-0 0-0-0 9. Nge2 Nb4 10. Nf4 Nxd3+ 11. Nxd3 b6 12. h3 h5 13. Ne2 Kb8 14. Kb1 Bf7 15. h4 Bd6 16. Nec1 c6 17. Nb3 Rde8 18. Rc1 Re4 19. a4 Rc8 20. a5 c5 21. axb6 axb6 22. Ne1 c4 23. Nd2 Re7 24. c3 f4 25. Nc2 g5 26. hxg5 fxg5 27. Qe2 Bg6 28. Rxh5 Bd3 29. Qf3 Qb5 30. Ka2 Ra7+ 31. Na3 Qxb2+ 0-1

[Event "Voronezh op-A 19th"]
[Site "Voronezh"]
[Date "2015.06.12"]
[Round "1"]
[White "Strelnikov, Sergey"]
[Black "Elfimov, Kirill"]
[Result "0-1"]
[WhiteElo "2377"]
[BlackElo "2102"]
[PlyCount "48"]
[EventDate "2015.06.12"]
[EventType "swiss"]
[EventRounds "9"]
[EventCountry "RUS"]
[SourceTitle "CBM 167 Extra"]
[Source "ChessBase"]
[SourceDate "2015.09.14"]
[SourceVersion "1"]
[SourceVersionDate "2015.09.14"]
[SourceQuality "1"]

1. Nf3 Nc6 2. d4 d5 3. c4 e5 4. dxe5 d4 5. a3 Nge7 6. Nbd2 Be6 7. b4 Ng6 8. Qa4 a5 9. b5 Ncxe5 10. Bb2 Bc5 11. Rd1 0-0 12. g3 Re8 13. Bg2 Bh3 14. 0-0 Bxg2 15. Kxg2 Nxf3 16. exf3 Qg5 17. Kh1 Re2 18. Bc1 Qh5 19. Qb3 Ne5 20. h4 a4 21. Qb1 Nxf3 22. Nxf3 Qxf3+ 23. Kg1 d3 24. Kh2 Bxf2 0-1

[Event "Voronezh-ch op2"]
[Site "Voronezh"]
[Date "2015.04.10"]
[Round "8"]
[White "Strelnikov, Sergey"]
[Black "Vinogradov, Anatoly"]
[Result "1/2-1/2"]
[WhiteElo "2388"]
[BlackElo "2235"]
[PlyCount "112"]
[EventDate "2015.04.02"]
[EventType "swiss"]
[EventRounds "9"]
[EventCountry "RUS"]
[SourceTitle "EXT 2017"]
[Source "ChessBase"]
[SourceDate "2016.10.25"]
[SourceVersion "1"]
[SourceVersionDate "2016.10.25"]
[SourceQuality "1"]

1. f4 d5 2. Nf3 Nf6 3. g3 c5 4. Bg2 Nc6 5. d3 Bf5 6. 0-0 e6 7. Nh4 Be7 8. c3 0-0 9. h3 h6 10. Nxf5 exf5 11. Nd2 Re8 12. e4 fxe4 13. dxe4 dxe4 14. Nxe4 Qb6 15. Nd2 Rad8 16. Qb3 Qxb3 17. axb3 Nd5 18. Nc4 a6 19. Re1 Kf8 20. Kf2 Bf6 21. Rxe8+ Kxe8 22. Ne3 Nc7 23. Ng4 Be7 24. Ke2 Nd5 25. Ne3 Nxe3 26. Bxc6+ bxc6 27. Bxe3 Rb8 28. Ra3 Kd7 29. c4 Kc7 30. Kd3 Kb6 31. Bd2 Bf6 32. Ra1 Re8 33. Rb1 Rd8+ 34. Kc2 Re8 35. Re1 Rxe1 36. Bxe1 Kc7 37. g4 g6 38. Bf2 Kd6 39. Be3 Bg7 40. Kb1 f5 41. gxf5 gxf5 42. Kc2 Bf6 43. Kb1 Bd8 44. Ka2 Ba5 45. Kb1 Bb4 46. Kc2 Ke6 47. Kd3 Kf6 48. Ke2 Kg6 49. Kf3 Kh5 50. Bf2 Kg6 51. Kg3 Kh5 52. Kf3 Kg6 53. Bh4 Kh5 54. Be7 Kg6 55. Ke2 Kf7 56. Bd8 Kg6 1/2-1/2

[Event "Voronezh-ch op2"]
[Site "Voronezh"]
[Date "2015.04.08"]
[Round "6"]
[White "Strelnikov, Sergey"]
[Black "Provkin, Vladimir"]
[Result "0-1"]
[WhiteElo "2388"]
[BlackElo "2141"]
[PlyCount "64"]
[EventDate "2015.04.02"]
[EventType "swiss"]
[EventRounds "9"]
[EventCountry "RUS"]
[SourceTitle "EXT 2017"]
[Source "ChessBase"]
[SourceDate "2016.10.25"]
[SourceVersion "1"]
[SourceVersionDate "2016.10.25"]
[SourceQuality "1"]

1. d4 Nf6 2. Nf3 g6 3. Nc3 d5 4. Bf4 c6 5. Qd2 b5 6. h4 h5 7. Ne5 Bg7 8. f3 a5 9. Nd1 Qb6 10. Nf2 Nbd7 11. e3 c5 12. c3 0-0 13. Be2 Ba6 14. g4 Rfd8 15. b4 axb4 16. cxb4 c4 17. Bg3 Bc8 18. a3 Nf8 19. Rg1 hxg4 20. fxg4 N6d7 21. Nf3 Re8 22. Qc3 f6 23. g5 e5 24. gxf6 exd4 25. exd4 Nxf6 26. Ne5 Bf5 27. Bf3 Ne4 28. Nxe4 dxe4 29. 0-0-0 exf3 30. h5 Qa7 31. Kb2 Nd7 32. Qxf3 Nb6 0-1

[Event "Voronezh Regional-ch"]
[Site "Voronezh"]
[Date "2014.12.13"]
[Round "8"]
[White "Chuprikov, Dmitry"]
[Black "Strelnikov, Sergey"]
[Result "0-1"]
[WhiteElo "2313"]
[BlackElo "2395"]
[PlyCount "102"]
[EventDate "2014.12.05"]
[EventType "swiss"]
[EventRounds "9"]
[EventCountry "RUS"]
[SourceTitle "CBM 164 Extra"]
[Source "ChessBase"]
[SourceDate "2015.03.02"]
[SourceVersion "1"]
[SourceVersionDate "2015.03.02"]
[SourceQuality "1"]

1. d4 f5 2. g3 Nf6 3. Bg2 g6 4. Nh3 d6 5. d5 c6 6. c4 Bg7 7. Nf4 e5 8. dxe6 Na6 9. Nc3 Nc5 10. 0-0 0-0 11. Qc2 Nxe6 12. Rd1 Qe7 13. b3 Nc5 14. Bb2 g5 15. Nd3 Nce4 16. e3 Bd7 17. Ne2 Be8 18. Re1 Bg6 19. Rad1 Rae8 20. b4 Ng4 21. Nd4 Nexf2 22. Nxf2 f4 23. e4 Ne3 24. Qb3 Nxd1 25. Nxd1 Qf7 26. gxf4 Qxf4 27. c5+ d5 28. Ne2 Qd2 29. Bc3 Bxc3 30. Qxc3 Qxa2 31. Ne3 Bxe4 32. Ng4 Re6 33. Bxe4 dxe4 34. Nd4 Rf4 35. Qg3 Rg6 36. Ne2 Qd2 37. Ne5 Rg7 38. Kh1 e3 39. Ng4 h5 40. Nxe3 h4 41. Qg1 Re4 42. Nc1 Qxb4 43. Rd1 Qxc5 44. Ng2 Qxg1+ 45. Kxg1 a5 46. Rd8+ Kh7 47. Nd3 Rge7 48. h3 a4 49. Ra8 b5 50. Nf2 Rd4 51. Kf1 Rdd7 0-1

[Event "Voronezh Regional-ch"]
[Site "Voronezh"]
[Date "2014.12.07"]
[Round "3"]
[White "Aminov, Andrey"]
[Black "Strelnikov, Sergey"]
[Result "1/2-1/2"]
[WhiteElo "2221"]
[BlackElo "2395"]
[PlyCount "50"]
[EventDate "2014.12.05"]
[EventType "swiss"]
[EventRounds "9"]
[EventCountry "RUS"]
[SourceTitle "CBM 164 Extra"]
[Source "ChessBase"]
[SourceDate "2015.03.02"]
[SourceVersion "1"]
[SourceVersionDate "2015.03.02"]
[SourceQuality "1"]

1. e4 d5 2. exd5 Qxd5 3. Nc3 Qd6 4. d4 Nf6 5. Nf3 a6 6. g3 b5 7. Bg2 Bb7 8. 0-0 e6 9. a4 b4 10. Ne2 Be7 11. Nf4 a5 12. Nd3 Nbd7 13. c4 Qa6 14. b3 0-0 15. Re1 Rfe8 16. Bb2 Rad8 17. Qe2 Qa8 18. Nh4 Bxg2 19. Nxg2 Bf8 20. Nh4 g6 21. Qf3 Qa6 22. Rad1 Bg7 23. Ng2 Qa8 24. Qxa8 Rxa8 25. Nh4 Nb6 1/2-1/2

[Event "Kostroma-ch"]
[Site "Kostroma"]
[Date "2014.09.27"]
[Round "4"]
[White "Smirnova, Ekaterina"]
[Black "Strelnikov, Sergey"]
[Result "0-1"]
[WhiteElo "2165"]
[BlackElo "2382"]
[PlyCount "148"]
[EventDate "2014.??.??"]
[EventType "tourn"]
[EventRounds "9"]
[EventCountry "RUS"]
[SourceTitle "EXT 2015"]
[Source "ChessBase"]
[SourceDate "2014.11.20"]
[SourceVersion "1"]
[SourceVersionDate "2014.11.20"]
[SourceQuality "1"]

1. d4 f5 2. Nc3 Nf6 3. Bg5 e6 4. Nf3 d5 5. e3 Be7 6. Bd3 0-0 7. 0-0 Nbd7 8. Ne2 h6 9. Bxf6 Rxf6 10. c4 c6 11. cxd5 exd5 12. Qc2 Qf8 13. Ng3 g6 14. a3 a5 15. h4 h5 16. Ne2 Bd6 17. Nf4 Qe7 18. Qc3 Kg7 19. Rfe1 Rf8 20. g3 Nf6 21. Qc2 Ne4 22. Kg2 Bd7 23. Rab1 a4 24. Rbc1 Rfb8 25. Bf1 Be8 26. Nd3 Nf6 27. Nde5 Ng4 28. Nd3 b6 29. Nf4 Rc8 30. Ng5 Bd7 31. Nf3 Nf6 32. Qd3 Rc7 33. Red1 Bc8 34. Qc2 Ne4 35. Ne5 Bxe5 36. dxe5 Raa7 37. Nd3 Ba6 38. f3 Bxd3 39. Qxd3 Nc5 40. Qc3 Qe6 41. Rc2 Nb3 42. f4 Ra5 43. Be2 Rc5 44. Qd3 Rd7 45. Rxc5 bxc5 46. Bf3 c4 47. Qc3 Rb7 48. Kh2 Rb5 49. Kg2 Kh7 50. Kh2 Nc5 51. Be2 Rb3 52. Qd4 Qe7 53. Rc1 Ne6 54. Qd2 Qb7 55. Rc2 Qb6 56. Bxc4 dxc4 57. Qd7+ Ng7 58. Qd4 Qxd4 59. exd4 c3 60. bxc3 Ne6 61. Kg2 Rxa3 62. Kf2 Rb3 63. Ke2 a3 64. Kd3 Nc7 65. Kc4 Rb2 66. Rc1 a2 67. Ra1 Nb5 68. Kc5 Nxc3 69. Kxc6 Rb1 70. Rxa2 Nxa2 71. d5 Nb4+ 72. Kc5 Nxd5 73. Kxd5 Rb3 74. e6 Kg7 0-1